Siempre más allá.... El Movimiento sandinista en Nicaragüa 1927-1934 /
Sparad:
| Huvudupphovsman: | |
|---|---|
| Institutionella upphovsmän: | , |
| Materialtyp: | Text |
| Publicerad: |
Managua:
IHN. CEMCA
|
| Ämnen: | |
| Taggar: |
Lägg till en tagg
Inga taggar, Lägg till första taggen!
|
MARC
| LEADER | 00000 a a2200000 04500 | ||
|---|---|---|---|
| 001 | 28893 | ||
| 003 | |||
| 040 | |a CRAI/IIS |c CRAI/IIS | ||
| 090 | |a 190202 | ||
| 100 | |a Dospital, Michelle | ||
| 110 | |a UCA. Instituto de Historia de Nicaragüa | ||
| 245 | |a Siempre más allá.... El Movimiento sandinista en Nicaragüa 1927-1934 / |c UCA. Instituto de Historia de Nicaragüa | ||
| 260 | |a Managua: |b IHN. CEMCA | ||
| 300 | |a 220 p |b il. | ||
| 500 | |a 111 notas | ||
| 650 | |a MOVIMIENTOS DE LIBERACION NACIONAL | ||
| 650 | |a ALIANZAS | ||
| 650 | |a SOBERANIA | ||
| 650 | |a COMUNISMO | ||
| 650 | |a IMPERIALISMO | ||
| 710 | |a Centro Francés de Estudios Mexicanos y Centroamericanos | ||
| 999 | |c 2169 |d 2169 | ||
